Il falcone maltese : romanzo /

Gardado en:
Detalles Bibliográficos
Autor Principal: Hammett, Dashiell
Formato: Libro
Idioma:inglés
Publicado: Milano Longanesi & C. stampa 1975
Edición:3. rist
Series:I libri pocket
Tags: Engadir etiqueta
Sen Etiquetas, Sexa o primeiro en etiquetar este rexistro!

MARC

LEADER 00000nam a2200000 4500
001 CDOM0000000232
003 mi
005 20250820115700.0
008 250820b |||||||| |||| 00| 0 eng d
040 |c mi 
100 |a Hammett, Dashiell 
245 1 |a Il falcone maltese :  |b romanzo /  |c di Dashiell Hammett  |g prefazione di Mario Monti  |g traduzione di Marcella Hannau 
250 |a 3. rist 
260 |a Milano  |b Longanesi & C.  |c stampa 1975 
300 |a 289 p.  |c 18 cm. 
490 |a I libri pocket 
500 |a In copertina: Il più grande detective privato in azione 
942 |2 ddc  |c BK 
952 |0 0  |1 0  |2 ddc  |4 0  |6 B_LNR02HAMDAFAL11  |7 0  |9 4567  |a MI  |b MI  |d 1987-06-10  |i 173  |l 0  |o B-LNR02-HAMDA-FAL11  |p CDOM173  |r 2025-07-04 21:34:29  |w 2025-07-04  |x ACQUISTO  |y BK 
999 |c 3575  |d 3575